El Congreso Nacional: estudio constitucional, legal y reglamentario.
Furkejuvvon:
| Váldodahkki: | |
|---|---|
| Eará dahkkit: | , |
| Materiálatiipa: | Girji |
| Giella: | espánnjágiella |
| Almmustuhtton: |
Valparaíso, Chile
CEAL
1993
|
| Fáttát: | |
| Fáddágilkorat: |
Lasit fáddágilkoriid
Eai fáddágilkorat, Lasit vuosttaš fáddágilkora!
|
MARC
| LEADER | 00000cam a2200000 a 4500 | ||
|---|---|---|---|
| 001 | UCY1344 | ||
| 003 | CL-VaPUC | ||
| 005 | 20230825100240.0 | ||
| 008 | 940830e19930000CL |||||||||||||||||spa|d | ||
| 999 | |c 230078 |d 230076 | ||
| 040 | |c Pontificia Universidad Católica de Valparaíso | ||
| 082 | 0 | 4 | |a 342.8305 BRO 1993 |2 21 |
| 100 | |a Bronfman Vargas, Alan Julio |e autor |9 814208 | ||
| 245 | 1 | 3 | |a El Congreso Nacional: estudio constitucional, legal y reglamentario. |
| 260 | 0 | 3 | |a Valparaíso, Chile |b CEAL |c 1993 |
| 300 | |a 556 páginas | ||
| 583 | |a last modification |c 20130925 06:34:54 |k Rodrigo Vera | ||
| 600 | 0 | |a Congreso Nacional de Chile |9 256491 | |
| 650 | 0 | |a Archivo histórico PUCV |9 255554 | |
| 650 | 0 | |a Académicos |x Pontificia Universidad Católica de Valparaíso (PUCV) |9 255553 | |
| 700 | 0 | |a Parada Espinoza, Fernando |e autor |9 329297 | |
| 700 | 0 | |a Fuente Hulaud, Felipe Rafael de la |e autor |9 329298 | |
| 942 | |c BK |2 ddc | ||
| 945 | |d 19940830 00:00:00 |a aalvarez | ||
| 952 | |0 0 |1 0 |2 ddc |4 0 |6 342_830500000000000_BRO_1993 |7 0 |8 A |9 231960 |a BIBDER |b BIBDER |d 2019-11-15 |i 3004384 |l 1 |m 1 |o 342.8305 BRO 1993 |p 3004384 |r 2023-01-25 |s 2022-08-09 |t 2 |w 2019-11-15 |y BK |k DER | ||
| 952 | |0 0 |1 0 |2 ddc |4 0 |6 342_830500000000000_BRO_1993 |7 0 |8 A |9 231961 |a BIBDER |b BIBDER |d 2019-11-15 |i 3004376 |l 2 |m 1 |o 342.8305 BRO 1993 |p 3004376 |r 2024-12-13 |s 2024-11-22 |t 1 |w 2019-11-15 |y BK |k DER | ||
| 952 | |0 0 |1 0 |2 ddc |4 0 |6 342_830500000000000_BRO_1993 |7 0 |8 X |9 231968 |a FDOBUD |b FDOBUD |d 2019-11-15 |i 4546075 |o 342.8305 BRO 1993 |p 4546075 |r 2019-11-15 |t 9 |w 2019-11-15 |y BK_X |k FHP | ||